000
00333 a2200109 4500
001
ART_30517
005
20260410162003.0
008
260409a
245
1
0
_a
La constitución y la defensa del orden democrático
100
1
_a
Serrafero, Mario Daniel
773
0
_t
Foro político
_g
- Vol. XXV (abr. 1999)
_w
REV30389
999
_c
31489
_d
31489